Digital Design (Record no. 219591)

000 -LEADER
fixed length control field 00299nam a22001217a 4500
003 - CONTROL NUMBER IDENTIFIER
control field Nust
005 - DATE AND TIME OF LATEST TRANSACTION
control field 20170214152041.0
008 - FIXED-LENGTH DATA ELEMENTS--GENERAL INFORMATION
fixed length control field 140408b xxu||||| |||| 00| 0 eng d
020 ## - INTERNATIONAL STANDARD BOOK NUMBER
Terms of availability Available
International Standard Book Number 8178088371
040 ## - CATALOGING SOURCE
Original cataloging agency DLC
Language of cataloging DLC
Transcribing agency RCMS
082 ## - DEWEY DECIMAL CLASSIFICATION NUMBER
Classification number 621.395MAN
Author Mark 000003
Edition number 3rd ed.
100 ## - MAIN ENTRY--PERSONAL NAME
Personal name Mano M. Morris
245 ## - TITLE STATEMENT
Title Digital Design
Statement of responsibility, etc. Mano M. Morris
250 ## - EDITION STATEMENT
Edition statement 3rd Ed
260 ## - PUBLICATION, DISTRIBUTION, ETC.
Place of publication, distribution, etc. India
Name of publisher, distributor, etc. Pearson Education
Date of publication, distribution, etc. c2002
300 ## - PHYSICAL DESCRIPTION
Extent xii, 516 p. :
Other physical details ill. ;
Dimensions 26 cm.
650 ## - SUBJECT ADDED ENTRY--TOPICAL TERM
Topical term or geographic name entry element 1.Electronic digital computers--Circuits.2.Logic circuits.3.Logic design. 4.Digital integrated circuits
856 ## - ELECTRONIC LOCATION AND ACCESS
Materials specified Table of contents only
Uniform Resource Identifier <a href="http://www.loc.gov/catdir/toc/ecip0716/2007017469.html">http://www.loc.gov/catdir/toc/ecip0716/2007017469.html</a>
942 ## - ADDED ENTRY ELEMENTS (KOHA)
Koha item type Book
Source of classification or shelving scheme
Call number prefix 621.395MAN
Call number suffix 621.395MAN
Holdings
Withdrawn status Lost status Source of classification or shelving scheme Damaged status Not for loan Permanent Location Current Location Shelving location Date acquired Total Checkouts Full call number Barcode Date last seen Price effective from Koha item type
          School of Interdisciplinary Engineering and Sciences (SINES) School of Interdisciplinary Engineering and Sciences (SINES) General Stacks 02/14/2017   621.395MAN RCMS 000003 02/14/2017 02/14/2017 Book
          School of Interdisciplinary Engineering and Sciences (SINES) School of Interdisciplinary Engineering and Sciences (SINES) General Stacks 02/14/2017   621.395MAN RCMS 000138 02/14/2017 02/14/2017 Book
          School of Interdisciplinary Engineering and Sciences (SINES) School of Interdisciplinary Engineering and Sciences (SINES) General Stacks 02/14/2017   621.395MAN RCMS 000139 02/14/2017 02/14/2017 Book
          School of Interdisciplinary Engineering and Sciences (SINES) School of Interdisciplinary Engineering and Sciences (SINES) General Stacks 02/14/2017   621.395MAN RCMS 000966 02/14/2017 02/14/2017 Book
          School of Interdisciplinary Engineering and Sciences (SINES) School of Interdisciplinary Engineering and Sciences (SINES) General Stacks 02/14/2017   621.395MAN RCMS 000967 02/14/2017 02/14/2017 Book
          School of Interdisciplinary Engineering and Sciences (SINES) School of Interdisciplinary Engineering and Sciences (SINES) General Stacks 02/14/2017   621.395MAN RCMS 000991 02/14/2017 02/14/2017 Book
          School of Interdisciplinary Engineering and Sciences (SINES) School of Interdisciplinary Engineering and Sciences (SINES) General Stacks 02/14/2017   621.395MAN RCMS 000992 02/14/2017 02/14/2017 Book
© 2023 Central Library, National University of Sciences and Technology. All Rights Reserved.